| 000 | 01131cas a2200337 a 4500 | ||
|---|---|---|---|
| 001 | 12290203 | ||
| 005 | 20180117033640.0 | ||
| 007 | t| | ||
| 008 | 990409c19999999mtuuu 0 a0eng c | ||
| 010 | _a 2001213021 | ||
| 022 | 0 |
_a1533-5216 _21 |
|
| 035 | _a(OCoLC)ocm41137540 | ||
| 037 |
_bFalcon Distribution Services, P.O. Box 1718, Helena, MT 59624 _c$15.95 |
||
| 040 |
_aWAPL _beng _cWAPL _dNSDP _dDLC _dOCoLC _dIDes |
||
| 041 | _aeng | ||
| 042 |
_ansdp _apcc |
||
| 043 | _an-us-tx | ||
| 080 | _a917 ROS | ||
| 082 | 1 | 0 |
_a917 ROS _213 |
| 100 | _a39 | ||
| 101 | _aMED | ||
| 210 | 0 | _aInsider's guide Austin | |
| 222 | 4 | _aThe insider's guide to Austin | |
| 245 | 0 | 4 | _aThe insider's guide to Austin. |
| 246 | 3 | 0 | _aAustin |
| 362 | 0 | _a1st ed.- | |
| 906 |
_a7 _bcbc _cserials _d2 _encip _f20 _gn-oclcserc |
||
| 942 |
_2ddc _cBK |
||
| 999 |
_c40393 _d40393 |
||